书目信息 |
| 题名: |
中国的人权状况
|
|
| 作者: | ;国务院新闻办公室 编 | |
| 分册: | ||
| 出版信息: | 北京 中央文献出版社 1991.10 |
|
| 页数: | 70页 | |
| 开本: | 20cm | |
| 丛书名: | ||
| 单 册: | ||
| 中图分类: | D621.5 | |
| 科图分类: | 32.221 | |
| 主题词: | 人权--问题--中国 | |
| 电子资源: | ||
| ISBN: | 7-5073-0100-1 | |
| 000 | 00684nam0 2200217 45 | |
| 001 | 0194029575 | |
| 005 | 20070925165004.92 | |
| 010 | @a7-5073-0100-1@dCNY1.55 | |
| 100 | @a19940718e19921991kemy0chiy0121 ea | |
| 101 | 0 | @achi |
| 102 | @aCN@b110000 | |
| 105 | @ay z 000yy | |
| 200 | 10 | @a中国的人权状况@AZHONG GUO DE REN QUAN ZHUANG KUANG@f国务院新闻办公室编@FGUO WU YUAN XIN WEN BAN GONG SHI BIAN |
| 210 | @a北京@c中央文献出版社@d1991.10@h1992.5重印 | |
| 215 | @a70页@d20cm | |
| 606 | @a人权@x问题@y中国 | |
| 690 | @aD621.5@v三版 | |
| 692 | @a32.221 | |
| 711 | 02 | @a国务院新闻办公室@AGUO WU YUAN XIN WEN BAN GONG SHI@4编 |
| 801 | 0 | @aCN@bTSSF@c20070925 |
| 905 | @a10447@dD621.5@e39 | |
| 中国的人权状况/国务院新闻办公室编.-北京:中央文献出版社,1991.10(1992.5重印) |
| 70页;20cm |
| ISBN 7-5073-0100-1:CNY1.55 |
| ● |
| 相关链接 |
|
|
|
|
正题名:中国的人权状况
索取号:D621.5/39
 
预约/预借
| 序号 | 登录号 | 条形码 | 馆藏地/架位号 | 状态 | 备注 |
| 1 | 0609756 | 206097560 | 密集书库/ [索取号:D621.5/39] | 在馆 | |
| 2 | 0767277 | 207672776 | 第一样本阅览室/ [索取号:D621.5/39] | 在馆 |